[Event "Petrolina Cordioli Memorial op"]
[Site "Petrolina"]
[Date "2007.10.18"]
[Round "1"]
[White "De Souza, Braulio S Candido"]
[Black "Cavalcante, Jessica Janaina"]
[Result "1-0"]
[WhiteElo "1807"]
[BlackElo "1800"]
[PlyCount "71"]
[EventDate "2007.10.09"]
[EventType "swiss"]
[EventRounds "7"]
[EventCountry "BRA"]
[SourceTitle "EXT 2022"]
[Source "ChessBase"]
[SourceDate "2021.10.06"]
[SourceVersion "1"]
[SourceVersionDate "2021.10.06"]
[SourceQuality "1"]

1. d4 d5 2. c4 dxc4 3. Nc3 e6 4. e4 Bb4 5. Bxc4 Bxc3+ 6. bxc3 Nf6 7. Qd3 e5 8. dxe5 Qxd3 9. Bxd3 Ng4 10. Nf3 Nc6 11. Bb5 Bd7 12. Bf4 0-0-0 13. 0-0 Rhe8 14. Bg5 f6 15. exf6 gxf6 16. Bh4 Rxe4 17. h3 Nh6 18. Bxf6 Rg8 19. Kh2 a6 20. Bd3 Rf4 21. Bxh7 Re8 22. Bg5 Rfe4 23. Bg6 Rh8 24. Bxe4 Nf7 25. Bf6 Rh6 26. Bg7 Rd6 27. Bxc6 Bxc6 28. Be5 Rd5 29. Rae1 Nh6 30. g4 Kd8 31. g5 Nf7 32. g6 Nh6 33. Ng5 Ng8 34. Rc1 Rxe5 35. Nf7+ Ke7 36. Nxe5 1-0